000 00376nam a22001337a 4500
008 250620b |||||||| |||| 00| 0 eng d
020 _a9789351116004
050 _aTC970
_b.C43
100 _aChauhan Brindra
245 _aAgricultural and hydrological applications of remote sensing
260 _aNew Delhi
_bRandom publication
_c2025
300 _a279p.
_bIll
942 _cBK
999 _c3921
_d3921